Statistics for NFL position G.O.A.T.'s

Click here to take the quiz!

General Stats

  • This quiz has been taken 36 times
  • The average score is 13 of 49

Answer Stats

HintAnswer% Correct
QBTom Brady
100%
QBJoe Montana
81%
QBPeyton Manning
77%
WRJerry Rice
61%
WRRandy Moss
58%
TERob Gronkowski
55%
TETony Gonzalez
55%
TETravis Kelce
48%
RBBarry Sanders
45%
RBAdrian Peterson
42%
RBJim Brown
42%
QBJohn Elway
42%
QBPatrick Mahomes
42%
WRCalvin Johnson
39%
CBDeion Sanders
35%
LBLawrence Taylor
35%
RBWalter Payton
35%
LBRay Lewis
32%
SEd Reed
29%
RBEmmit Smith
29%
WRTerrell Owens
29%
O-LineAnthony Munoz
26%
TEAntonio Gates
26%
PRDevin Hester
26%
KJustin Tucker
26%
D-LineReggie White
26%
D-LineBruce Smith
23%
WRSteve Largent
19%
D-LineJoe Greene
16%
LBJack Lambert
13%
CBRod Woodson
13%
SRonnie Lott
13%
CBCharles Woodson
10%
D-LineDeacon Jones
10%
LBJack ham
10%
TEKellen Winslow
10%
D-LineAlan Page
6%
SBrian Dawkins
6%
LBDick Butkis
6%
CBMel Blount
6%
PRay Guy
3%
KRCordarrelle Patterson
0%
CBDick "Night Train" Lane
0%
O-LineGale Gillingham
0%
SLarry Wilson
0%
O-LineMike McCormack
0%
O-LineRay Wietecha
0%
O-LineTom Newberry
0%
STroy Polumalu
0%

Score Distribution

Percentile by Number Answered

Percent of People with Each Score

Your Score History

You have not taken this quiz